000 00329nam a2200133Ia 4500
008 191201s2008 xx 000 0 und d
100 _aTRPIATHI, P C
245 0 _aPersonnel Management and Industrial Relations
250 _aRep.
260 _aN.Delhi
_bSultan Chand
_c2008
300 _amisc.
650 _aMBA
942 _2ddc
_cBK
999 _c3618
_d3618